As nossas canções de Natal (Registo nº 4331)

Detalhes MARC
000 -Etiqueta do registo
Cabeçalho 00860cam a2200289 4500
005 - Identificador da versão
Campo de controlo 20240813122058.0
095 ## -
-- PTBN00515261
010 ## - Número internacional normalizado dos livros (ISBN)
Número (ISBN) 9720700289
021 ## - Número do Depósito Legal
Código do país PT
Número 71926/93
100 ## - Dados gerais de processamento
Dados gerais de processamento 19931203d1993 a y0pory5003 ba
102 ## - Pais de publicação ou produção
País de publicação Portugal
101 0# - Língua de publicação
Língua do texto, banda sonora, etc. Português
-- Francês
-- Inglês
106 ## - Campo de dados codificados: material textual
Dados codificados do material textual r
105 ## - Campo de dados codificados: livros
Dados codificados dos livros ag z 001yy
215 ## - Descrição física 
Indicação específica da natureza do documento e extensão da espécie 45 p., not. mus.
Outras indicações físicas il.
Dimensões 22 cm
200 1# - Titulo e menção de responsabilidade
Título próprio As nossas canções de Natal
Primeira menção de responsabilidade Selecção e org. de Clara Abreu
Outras menções de responsabilidade il. Ana Maria Villas
-- arranjo musical de Bernard Ravelle-Chapuis
210 ## - Publicação, Distribuição, etc. 
Lugar da edição, distribuição, etc. Porto
Nome do editor, distribuidor, etc. Porto Editora
Data da publicação, distribuição, etc. 1993
675 ## - Classificação Decimal Universal (CDU)
Notação 087.5
Edição BN
Língua da edição por
Notação 784.67
Edição BN
Língua da edição por
702 #1 - Nome de autor-pessoa física (responsabilidade secundária)
Número de registo de entrada de autoridade 0001113
Palavra de ordem Abreu
Outra parte do nome não tomada para palavra de ordem Clara
Código de função Editor literário / Coordenador
Número de registo de entrada de autoridade 0001114
Palavra de ordem Vilas
Outra parte do nome não tomada para palavra de ordem Ana Maria
Código de função Ilustrador / Técnico de desenho computorizado
Número de registo de entrada de autoridade 0001115
Palavra de ordem Chapuis
Outra parte do nome não tomada para palavra de ordem Bernard Ravelle
Código de função Autor de arranjo musical / Orquestrador /Autor da realização do baixo contínuo / Autor da redução
942 ## - Elementos de entrada adicionados (Koha)
Tipo de item no Koha Livro
Exemplares
Situação do levantamento Origin of item (home branch) (coded) Biblioteca de empréstimo Código de barras Cota Circulation type (not for loan) Tipo de documento Nota do exemplar Damaged status
  Biblioteca Escolar das Vendas Biblioteca Escolar das Vendas BEV806 7MUS ABR   Livro Sem mensagem